| 000 | 00552nam a2200217Ia 4500 | ||
|---|---|---|---|
| 003 | OSt | ||
| 005 | 20220926035555.0 | ||
| 006 | a|||||r|||| 00| 0 | ||
| 007 | ta | ||
| 008 | 220923b |||||||| |||| 00| 0 eng d | ||
| 037 | _cGeneral Book | ||
| 040 |
_aRTL _cRTL _beng |
||
| 041 |
_2eng _aeng |
||
| 082 | _aX;31.58:g, G9 | ||
| 100 |
_aCLARK Colin _9122958 |
||
| 245 | 0 | _aCritique of Russian Statistics | |
| 260 | _c1939 | ||
| 650 | _aNational Income | ||
| 942 |
_hX;31.58:g, G9 _cGB _2CC |
||
| 999 |
_c662574 _d662574 |
||